Harry Potter characters with no vowels (part 1) Quiz Stats

 Plays Quiz not verified by Sporcle

Score 0/50 Timer 10:00
0 Plays Today
Vowel-less Characters Character's Name % Correct
KrchrKreacher
97.5%
Bthld Bgsht Bathilda Bagshot
97.1%
Th Ft LdyThe Fat Lady
97.1%
Cln CrvyColin Creevey
96.4%
Svrs SnpSeverus Snape
96.4%
rthr WslyArthur Weasley
96.4%
Nrly Hdlss NckNearly Headless Nick
94.2%
Tm Mrvl RddlTom Marvolo Riddle
92.7%
Lcs MlfyLucius Malfoy
92.4%
HdwgHedwig
91.1%
Ln LvgdLuna Lovegood
90.9%
rgs FlchArgus Filch
90.8%
Cthbrt BnnsCuthbert Binns
90.6%
Gbrll DlcrGabrielle Delacour
90.4%
Vncnt CrbbVincent Crabbe
90%
Ptr PttgrwPeter Pettigrew
90%
Rfs ScrmgrRufus Scrimgeour
89.8%
BckbkBuckbeak
89.8%
PvsPeeves
89.7%
Gldry LckhrtGilderoy Lockhart
89.7%
Pppy PmfryPoppy Pomfrey
89.5%
NrbrtNorbert
89.1%
NgnNagini
89%
Sms FnngnSeamus Finnigan
89%
ngln JhnsnAngelina Johnson
88.6%
Vowel-less Characters Character's Name % Correct
Ggry GylGregory Goyle
88.5%
Fls FltwckFilius Flitwick
87.3%
Mdm RsmrtMadam Rosmerta
86.7%
Chrty BrbgCharity Burbage
86.6%
Lly Ln PttrLily Luna Potter
85.9%
Ps ThcknssPius Thicknesse
85.7%
rrlErrol
85.1%
lct CrrwAlecto Carrow
83.7%
gsts RkwdAugustus Rookwood
82.1%
Bdl th BrdBeedle the Bard
82%
Phns Nglls BlckPhineas Nigellus Black
81.9%
lbs Prcvl Wlfrc Brn DmbldrAlbus Percival Wulfric Brian Dumbledore
81.8%
rmnd DpptArmando Dippet
81.3%
lphs Dg Elphias Doge
81%
Rdlphs LstrngRodolphus Lestrange
80.9%
ntnn DlhvAntonin Dolohov
80.8%
Mfld HpkrkMafalda Hopkirk
80.5%
Rgls rctrs BlckRegulus Arcturus Black
79.8%
Crnls swld FdgCornelius Oswald Fudge
78.3%
rn PrngErnie Prang
78.2%
Mrjr DrslyMarjorie Dursley
76.8%
Strgs PdmrSturgis Podmore
73.7%
rm PncIrma Pince
67.1%
rbll Drn FggArabella Doreen Figg
54.3%
rr SnstrAurora Sinistra
53.8%

You're not logged in!

Compare scores with friends on all Sporcle quizzes.
OR
Log In

Show Comments

Extras

Top Quizzes Today


Score Distribution

Your Account Isn't Verified!

In order to create a playlist on Sporcle, you need to verify the email address you used during registration. Go to your Sporcle Settings to finish the process.

Report this User

Report this user for behavior that violates our Community Guidelines.

Details: